000 00854nam a2200253Ia 4500
003 OSt
005 20220923220927.0
006 a|||||r|||| 00| 0
007 ta
008 220922b |||||||| |||| 00| 0 hin d
024 _a192,336
037 _cTextual
040 _aARTS
_cARTS
_bhin
041 _2hin
_ahin
082 _aT:(P15):4k, 152L7
110 _aकेन्द्रीय हिन्दी निदेशालय
_9164829
245 0 _aशिक्षा परिभाषा कोश
246 _aShikṣhā paribhāṣhā kosha
260 _aदिल्ली
_b प्रकाशन विभाग
_c1977
300 _a197पृ.
_ccm.
700 _aकेन्द्रीय हिन्दी निदेशालय
_9164830
942 _hT:(P15):4k, 152L7
_cTEXL
_2CC
999 _c344956
_d344956